00401nam a2200157Ia 45000010006000000050017000060080041000230410008000640820020000721000026000922450066001182600009001843000034001936500008002276540008002351399420260306164841.0260306t2006||||xx |||||||||||||| ||spa|| aESP aSU 005.746bG43 aGibson, Jerry D.eAUT 0aDigital compression for multimedia:bprinciples and standards c2006 axvii, 476 páginas :c27 cm. aGEN aCCC